The 9 Covens in The Owl House - Statistics

General Stats
  • This quiz has been taken 706 times
  • The average score is 8 of 10
Answer Stats
Hint Answer % Correct
Gus Illusion
96%
Amity Abomination
95%
Willow Plant
95%
Raine Bard
91%
Viney Healing
75%
Barkus Potion
74%
Gwen Clawthorne Beastkeeping
71%
Tiny Nose Construction
71%
Bonus Coven Emperors
66%
Odalia Blight Oracle
66%
No matching quizzes found
Score Distribution
Percent of People with Each Score
Percentile by Number Answered
Your Score History
You have not taken this quiz